01076nas a2200241Ia 4500001001100000003000900011008004100020040001300061040001300074041001300087100003800100210003200138222003200170245012900202250001100331260002500342501008600367300001100453310001500464362003900479500026000518650005600778R238/45825IT-RoPAU151124c99999999xx |||||||||||| ||und|| aIT-RoPAU cIT-RoPAU aITALIANO aAA.VV. gCodice Aut. SPICS: 12000 aILLUSTRAZIONE ITALIANA (L') aIllustrazione Italiana (L') aILLUSTRAZIONE ITALIANA (L'), ANNO 01-N.02 (DIC.1981/GEN.1982)bIllustrazione Italiana (L'), Anno 01-N.02 (Dic.1981/Gen.1982) a1a ed. aMILANObGUANDAc1981 bPaulus - SPICS - Società San Paolo EM (non-commercial uses only)cCopyright2015 a112 p. aBIMESTRALE aANNO 001, N.02 (DIC.1981/GEN.1982) aLe Cose Che: Recensione dei Volumi: la Morte in Cifre di Giuliano Gramigna, Angeli con Poche Penne di Goffredo Fofi, Notorio ma Non Provabile di Antonio Porta, L'Algoritmo di Arianna di Raffaele Rinaldi, Bicamere il Cielo Diluigi Malerba, 007 Licenza di N aCOMUNICAZIONE - FOTOGRAFIAvPUBBLICAZIONE PERIODICA